Gala 4 OT2023 - Estadísticas

Estadísticas generales
  • Esta prueba ha sido intentada 34 veces
  • La puntuación promedio es 7 de 9
Estadísticas de respuestas
Imagen Hint Respuesta % Correcto
Denna Dragón
96%
Ruslana y Naiara Salvaje
92%
Bea Peces De Ciudad
85%
Juanjo y Martin God Only Knows
77%
Lucas, Chiara y Álex Márquez Perreo Bonito
73%
Violeta Es por ti
69%
Salma y Paul Thin Bad Habits
58%
Grupal Sweet Caroline
54%
Álvaro Mayo y Cris I Drove All Night
46%
No se encontraron pruebas coincidentes
Distribución de puntuación
Porcentaje de gente con cada puntuación
Porcentaje por número respondido
Historial de tus puntuaciones
No has intentado esta prueba.